Mass loss from stars (Record no. 3356)
[ view plain ]
| 000 -LEADER | |
|---|---|
| fixed length control field | 00864nam a2200229Ia 4500 |
| 003 - CONTROL NUMBER IDENTIFIER | |
| control field | IN-BaIIA |
| 008 - FIXED-LENGTH DATA ELEMENTS--GENERAL INFORMATION | |
| fixed length control field | 211028s9999 xx 000 0 eng d |
| 040 ## - CATALOGING SOURCE | |
| Transcribing agency | IIA Library |
| 080 ## - UNIVERSAL DECIMAL CLASSIFICATION NUMBER | |
| Universal Decimal Classification number | 52(082.1) |
| Item number | ASS-13 |
| 111 ## - MAIN ENTRY--MEETING NAME | |
| Meeting name or jurisdiction name as entry element | Trieste colloquium on Astrophysics |
| Number of part/section/meeting | 2nd |
| Location of meeting | Italy |
| Date of meeting or treaty signing | 1968 Sept. 12-17 |
| 9 (RLIN) | 5948 |
| 245 #0 - TITLE STATEMENT | |
| Title | Mass loss from stars |
| Remainder of title | proceedings of the second Trieste Colloquium on Astrophysics held in Italy, 12-17 September, 1968 |
| Statement of responsibility, etc. | edited by Margherita Hack |
| 260 ## - PUBLICATION, DISTRIBUTION, ETC. | |
| Place of publication, distribution, etc. | Dordrecht |
| Name of publisher, distributor, etc. | D. Reidel Publishing |
| Date of publication, distribution, etc. | 1969 |
| 300 ## - PHYSICAL DESCRIPTION | |
| Extent | x, 345p. |
| 490 ## - SERIES STATEMENT | |
| Series statement | Astrophysics and Space Science Library; v. 13 |
| 650 ## - SUBJECT ADDED ENTRY--TOPICAL TERM | |
| Topical term or geographic name entry element | Astronomy and astrophysics thesaurus |
| 650 ## - SUBJECT ADDED ENTRY--TOPICAL TERM | |
| Topical term or geographic name entry element | Eruptive binary stars |
| 9 (RLIN) | 5949 |
| 650 ## - SUBJECT ADDED ENTRY--TOPICAL TERM | |
| Topical term or geographic name entry element | Mass loss |
| 9 (RLIN) | 3547 |
| 650 ## - SUBJECT ADDED ENTRY--TOPICAL TERM | |
| Topical term or geographic name entry element | Stellar evolution |
| 700 ## - ADDED ENTRY--PERSONAL NAME | |
| Personal name | Hack, Margherita, ed. |
| 9 (RLIN) | 5428 |
| 710 ## - ADDED ENTRY--CORPORATE NAME | |
| Corporate name or jurisdiction name as entry element | Astronomical Observatory of Trieste |
| 9 (RLIN) | 5950 |
| 942 ## - ADDED ENTRY ELEMENTS (KOHA) | |
| Koha item type | Books |
| Withdrawn status | Lost status | Damaged status | Not for loan | Home library | Current library | Shelving location | Date acquired | Cost, normal purchase price | Total Checkouts | Full call number | Barcode | Date last seen | Cost, replacement price | Price effective from | Koha item type | Purchase Price |
|---|---|---|---|---|---|---|---|---|---|---|---|---|---|---|---|---|
| IIA Library-Bangalore | IIA Library-Bangalore | General Stacks | 24/12/1969 | 136.50 | 52(082.1)/ ASS-13 | 3731 | 05/11/2021 | 136.50 | 24/12/1969 | Books | Rs. 136.50 |